| 000 | 01322nam a22003617a 4500 | ||
|---|---|---|---|
| 003 | CHAP | ||
| 005 | 20220329143148.0 | ||
| 008 | 060912d2006 mx r 00110 spa d | ||
| 010 | _a92711 | ||
| 011 | _a93683 | ||
| 035 | _a104263 | ||
| 040 | _cCHAP | ||
| 090 | _aTesis | ||
| 100 | 1 |
_aGarcía Duran, Moisés. _945950 |
|
| 245 | 1 | 0 |
_aDiseño de una máquina trituradora de PET (Tereftalato de Polietileno) _c/por Moisés García Duran y Armando Reyes Amador |
| 260 |
_aChapingo, Méx. : _bEl autor, _c2006. |
||
| 300 |
_a97 h. : _bilus.; gráfs.; cuadros, + anexo |
||
| 502 | _aTesis (Ing. Mecánico Agrícola) - - UACH. Departamento Ingeniería Mecánica Agrícola | ||
| 590 |
_aALEPH _b10 _c20130110 _lUCH01 _h1513 |
||
| 590 |
_aBATCH-UPD _b10 _c20130110 _lUCH01 _h0701 |
||
| 590 |
_aBATCH-UPD _b10 _c20130410 _lUCH01 _h0347 |
||
| 590 |
_aBATCH-UPD _b10 _c20130914 _lUCH01 _h1527 |
||
| 590 |
_aCONVERSION _b10 _c20130109 _lUCH01 _h1351 |
||
| 650 | 1 | 4 |
_aMaquinaria _xDiseño. _971143 |
| 650 | 1 | 4 |
_aPlásticos _xReciclaje. _989198 |
| 650 | 1 | 4 |
_aResiduos sólidos. _996119 |
| 700 | 1 |
_aReyes Amador, Armando. _996741 |
|
| 901 | _aBK | ||
| 905 | _aElisma A. H. | ||
| 942 | _cFOLL | ||
| 949 |
_aTesis _bBC _cTES _d00000000104263 _eTS1 _h1042658 _i104263 _sb |
||
| 949 |
_aTesis _bBC _cTES _d33724000989554 _eTS2 _fc.2 _h1042659 _i104263 _sb |
||
| 999 |
_c92711 _d92711 |
||